Tax Avoidance in Canada After Canada Trustco and Mathew David G. Duff, Harry Erlichman

Detalles Bibliográficos
Autor principal: Duff, David G.
Otros Autores: Erlichman, Harry
Formato: eBook
Lenguaje:inglés
Publicado: Toronto: Irwin Law Inc., 2007
Materias:
Acceso en línea:Acceso restringido

MARC

LEADER 00000nam a22000007a 4500
005 20210901221155.0
007 cr|||| ||||
008 210901s2007 ca |||||s|||| 00||0 eng d
020 |a 9781459313897 
035 |a 35333 
040 |a vLex 
090 |c 12195  |d 12195 
100 1 |a Duff, David G. 
245 1 0 |a Tax Avoidance in Canada After Canada Trustco and Mathew  |h [Recurso electrn̤ico] /  |b David G. Duff, Harry Erlichman 
256 |a Servicio en ln̕ea 
260 |a Toronto:  |b Irwin Law Inc.,  |c 2007 
300 |a 1 recurso electrn̤ico 
500 |a In October 2005, the Supreme Court of Canada released its much-anticipated decisions in The Queen v. Canada Trustco Mortgage Co. and Mathew v. The Queen—the first cases in which the Court has specifically addressed the General Anti-Avoidance Rule (GAAR) in section 245 of the Canadian Income Tax Act. Since then, the Tax Court of Canada has released several decisions in which the GAAR has been considered and applied. The articles in this volume reflect on these decisions and the role of a general anti-avoidance rule more generally by reviewing the decisions themselves, considering other tax avoidance cases in Canada and other countries, and considering the structure and amendment of a GAAR as a matter of legislative policy. By addressing various aspects of tax avoidance jurisprudence as well as the design and amendment of the GAAR, the book makes a positive contribution toward the interpretation and application of this provision. Tax Avoidance in Canada after Canada Trustco and Mathew will appeal to legal theorists, economists, tax advisors, tax litigators, and judges. 
506 1 |a Disponible solo en los productos indicados  |d vLex Global  |d vLex Global (Academic Edition, excluding Law Schools)  |d vLex Global (U.S. Academic Edition, Law Schools)  |d vLex Global (U.S. Academic Edition, excluding Law Schools)  |d vLex Global (Academic Edition, Law Schools) 
650 0 4 |a Derecho Fiscal  |z Canad̀ 
700 1 |a Erlichman, Harry 
740 0 |a vLex Libros (Servicio en ln̕ea) 
856 4 0 |u https://app.vlex.com/#/sources/35333  |z Acceso restringido 
942 |c BOOK 
999 0 |a Tax Law